Nordstrand Busser siden 2022 (Dekknavn) - Statistics

General Stats
  • This quiz has been taken 127 times
  • The average score is 8 of 14
Answer Stats
Hint Answer % Correct
A Gutter 2024 Superstud
92%
B Gutter 2024 Vanguard
86%
B Gutter 2023 Sabana
81%
C Gutter 2024 Madlæds
75%
A Gutter 2023 Champagnes League
73%
A Jenter 2024 Lek
73%
B Jenter 2024 Damelaget
62%
A Gutter 2022 Madchester
59%
A Jenter 2023 Maverick
52%
B Gutter 2022 Creamfields
41%
B Jenter 2023 Fullbooket
38%
A Jenter 2022 Punchline
37%
B Jenter 2022 Jentutn
25%
C Jenter 2023 Ajour
23%
No matching quizzes found
Score Distribution
Percent of People with Each Score
Percentile by Number Answered
Your Score History
You have not taken this quiz